| 000 | 01165na a2200301 4500 | ||
|---|---|---|---|
| 999 |
_c6538 _d6538 |
||
| 001 | 21104 | ||
| 003 | MIRAKIL | ||
| 005 | 20200703142108.0 | ||
| 008 | 170131b tu 000 0 | ||
| 040 |
_aMilas _btur _cTR-AnCHP |
||
| 041 | _atur | ||
| 082 |
_a324.65 _bT1974g 2014 |
||
| 090 | _aBROŞÜR 424 | ||
| 110 |
_aTürkiye Cumhuriyeti _bYüksek Seçim Kurulu Başkanlığı |
||
| 240 | _aGenelgeler, vb. | ||
| 245 |
_a30 Mart 2014 Pazar günü yapılacak mahalli idareler seçimlerinde sandık kurullarının görev ve yetkilerini gösterir genelge _bÖrnek 138 _c[yayınlayan] Yüksek Seçim Kurulu Başkanlığı |
||
| 260 |
_aAnkara _bYüksek Seçim Kurulu Başkanlığı _c2014 |
||
| 300 |
_a63 s. _c20 sm. |
||
| 440 | _aYüksek Seçim Kurulu Başkanlığı Yayınları | ||
| 500 | _aFotokopidir. | ||
| 610 |
_aYüksek Seçim Kurulu _xYerel seçimler, 2014 _yGenelgeler |
||
| 650 |
_aYerel seçimler _xGenelgeler |
||
| 710 | _aYüksek Seçim Kurulu Başkanlığı | ||
| 942 |
_2ddc _cBKS |
||
| 999 | _d6538 | ||